Issues in Management Accounting / Second Edition (Record no. 879)
[ view plain ]
| 000 -LEADER | |
|---|---|
| fixed length control field | 01679cam a22002294a 4500 |
| 005 - ΗΜΕΡΟΜΗΝΙΑ ΚΑΙ ΩΡΑ ΤΕΛΕΥΤΑΙΑΣ ΕΝΗΜΕΡΩΣΗΣ | |
| Πεδίο ελέγχου | 20250605163948.0 |
| 008 - FIXED-LENGTH DATA ELEMENTS--GENERAL INFORMATION | |
| Πεδίο ελέγχου σταθερού μήκους | 250528s ||||||||||||||||||||||||d |
| 035 ## - SYSTEM CONTROL NUMBER | |
| System control number | 15288 |
| 020 ## - ISBN | |
| ISBN | 131892509 |
| 040 ## - ΠΗΓΗ ΚΑΤΑΛΟΓΟΓΡΑΦΗΣΗΣ | |
| Φορέας πρωτότυπης καταλογογράφησης | MC Athens Campus Library |
| Γλώσσα καταλογογράφησης | Ελληνικά, Μοντέρνα (1453-) |
| Modifying agency | MC Athens Campus Library |
| Κανόνες περιγραφικής καταλογογράφησης | AACR2 |
| 245 1# - ΤΙΤΛΟΣ ΚΑΙ ΔΗΛΩΣΗ ΥΠΕΥΘΥΝΟΤΗΤΑΣ | |
| Τίτλος | Issues in Management Accounting / Second Edition |
| 250 ## - EDITION STATEMENT | |
| Edition statement | 2nd |
| 260 ## - PUBLICATION, DISTRIBUTION, ETC. | |
| Name of publisher, distributor, etc. | Prentice Hall, |
| Date of publication, distribution, etc. | 1995 |
| 300 ## - PHYSICAL DESCRIPTION | |
| Extent | 376 |
| 520 ## - SUMMARY, ETC. | |
| Summary, etc. | The expertise of prominent researchers has been pooled to critically explore, in a digestible manner, a broad range of emergent areas and advances which impinge on management accounting practice. Preface, Acknowledgements, The Changing Nature of Issues in Management and Accounting, The History of Management Accounting: Relevance Found, Management Control and Organizational Design and Accounting Information Systems, Critical Management Accounting, Costing and the New Operations Management, Activity-Based Costing, Transfer Pricing, Strategic Management Accounting, Financial Justification of Advanced Manufacturing Technology, Management Information Systems and Computer Technology and Management Accounting, Accounting Measures and Motivation and Performance Appraisal, Introduction to Agency Theory in Management Accounting, Budgeting and Creativity and Culture, Management Accounting in Global Firms, A Comparative Analysis of Management Accounting in Japan and USA and UK and West Germany, Caught in the Act: Public Services Disappearing in the World of Accountable Management, Notes, References, Index. |
| 700 1# - ΠΡΟΣΘΕΤΗ ΑΝΑΓΡΑΦΗ--ΦΥΣΙΚΟ ΠΡΟΣΩΠΟ | |
| Personal name | Ashton David |
| 9 (RLIN) | 1180 |
| 700 1# - ΠΡΟΣΘΕΤΗ ΑΝΑΓΡΑΦΗ--ΦΥΣΙΚΟ ΠΡΟΣΩΠΟ | |
| Personal name | Hopper Trevor |
| 9 (RLIN) | 1181 |
| 700 1# - ΠΡΟΣΘΕΤΗ ΑΝΑΓΡΑΦΗ--ΦΥΣΙΚΟ ΠΡΟΣΩΠΟ | |
| Personal name | Scapens Robert W |
| 9 (RLIN) | 1182 |
| 942 ## - ADDED ENTRY ELEMENTS (KOHA) | |
| Koha item type | Books |
| Τύπος τεκμηρίου | Βιβλιοθήκη | Τρέχουσα τοποθεσία | Barcode | Αριθμός εισαγωγής | Ημερομηνία απόκτησης | Ταξιθετικό σύμβολο | Αριθμός αντιτύπου | Κατάσταση απόσυρσης | Κατάσταση χαμένου | Κατάσταση κατεστραμμένου | Μη δανεισμός | Σύνολο δανεισμών | Ημερομηνία τελευταίας εμφάνισης | Η τιμή ισχύει από |
|---|---|---|---|---|---|---|---|---|---|---|---|---|---|---|
| Books | MC Athens Campus Library | MC Athens Campus Library | 9780000008787 | 1532 | 05/06/2025 | 658.15/11 ASH | 1 | 05/06/2025 | 05/06/2025 |